000 01481cam a2200409 i 4500
001 17976580
003 NUST
005 20220825155050.0
008 131219s2014 mau b 001 0 eng
010 _a 2013050262
020 _a9780807000403 (hardcover : alk. paper)
020 _z9780807000410 (ebook)
038 _aAzhar
040 _aDLC
_beng
_cDLC
_erda
_dDLC
042 _apcc
043 _an-us---
050 0 0 _aE76.8
_b.D86 2014
082 0 0 _a970.00497
_223
_bDUN
100 1 _aDunbar-Ortiz, Roxanne,
_d1939-
_996595
245 1 3 _aAn indigenous peoples' history of the United States
_cRoxanne Dunbar-Ortiz.
260 _aBoston :
_bBeacon Press,
_c2014
300 _axiv, 296 pages ;
_c24 cm.
336 _atext
_2rdacontent
337 _aunmediated
_2rdamedia
338 _avolume
_2rdacarrier
490 0 _aReVisioning American history
504 _aIncludes bibliographical references (pages 240-279) and index.
650 0 _aIndians of North America
_xHistoriography.
_996596
650 0 _aIndians of North America
_xColonization.
_996597
650 0 _aIndians, Treatment of
_zUnited States
_xHistory.
_996598
651 0 _aUnited States
_xColonization.
_996599
651 0 _aUnited States
_xRace relations.
_91188
651 0 _aUnited States
_xPolitics and government.
_98166
906 _a7
_bcbc
_corignew
_d1
_eecip
_f20
_gy-gencatlg
942 _2ddc
_cLC
999 _c590795
_d590795